[Event "36th Zalakaros Festival 2017"]
[Site "Zalakaros"]
[Date "2017.05.19"]
[Round "2"]
[White "Hardicsay, Peter"]
[Black "Gara, Ticia"]
[Result "1-0"]
[WhiteElo "2218"]
[BlackElo "2329"]
[Annotator "ChessBase"]
[PlyCount "87"]
[EventDate "2017.??.??"]
[EventType "swiss"]
[EventCountry "HUN"]
[SourceTitle "playchess.com"]
[Source "ChessBase"]
[SourceQuality "1"]
[TimeControl "40/5400+30:1800+30"]

1. Nf3 {[%emt 0:00:03]} Nf6 {[%emt 0:01:54]} 2. c4 {[%emt 0:00:28]} c5 {[%emt 0:01:28]} 3. Nc3 {[%emt 0:00:57]} Nc6 {[%emt 0:01:05]} 4. g3 {[%emt 0:01:46]} g6 {[%emt 0:02:42]} 5. Bg2 {[%emt 0:01:01]} Bg7 {[%emt 0:00:04]} 6. O-O {[%emt 0:03:54]} O-O {[%emt 0:00:55]} 7. d4 {[%emt 0:00:59]} cxd4 {[%emt 0:00:57]} 8. Nxd4 {[%emt 0:00:09]} Ng4 {[%emt 0:06:16]} 9. e3 {[%emt 0:04:46]} Nge5 {[%emt 0:03:09]} 10. b3 {[%emt 0:08:37]} d6 {[%emt 0:04:26]} 11. h3 {[%emt 0:06:59]} a6 {[%emt 0:15:51]} 12. a3 {[%emt 0:11:31]} Rb8 {[%emt 0:06:16]} 13. Bb2 {[%emt 0:04:18]} Bd7 {[%emt 0:04:57]} 14. Rc1 {[%emt 0:06:07]} h5 {[%emt 0:08:48]} 15. Rc2 {[%emt 0:08:51]} Nxd4 {[%emt 0:09:02]} 16. exd4 {[%emt 0:00:07]} Nc6 {[%emt 0:00:09]} 17. Rd2 {[%emt 0:04:37]} b5 {[%emt 0:04:18]} 18. cxb5 {[%emt 0:01:12]} axb5 {[%emt 0:01:12]} 19. b4 {[%emt 0:00:29]} Qb6 {[%emt 0:06:15]} 20. Nd5 {[%emt 0:05:15]} Qa7 {[%emt 0:03:27]} 21. Ne3 {[%emt 0:02:35]} Nd8 {[%emt 0:02:41]} 22. Kh2 {[%emt 0:05:00]} e6 {[%emt 0:00:47]} 23. d5 {[%emt 0:09:32]} Bxb2 {[%emt 0:01:40]} 24. Rxb2 {[%emt 0:00:09]} Qxa3 {[%emt 0:00:40]} 25. Rb3 {[%emt 0:06:03]} Qa2 {[%emt 0:01:43]} 26. dxe6 {[%emt 0:01:54]} Bxe6 {[%emt 0:04:13]} 27. Nd5 {[%emt 0:00:36]} Qa7 {[%emt 0:03:36]} 28. Nf6+ {[%emt 0:02:07]} Kg7 {[%emt 0:00:30]} 29. Rf3 {[%emt 0:00:11]} d5 {[%emt 0:02:53]} 30. Qd2 {[%emt 0:01:11]} Rh8 {[%emt 0:01:37]} 31. Nxd5 {[%emt 0:00:40]} Bxd5 {[%emt 0:00:17]} 32. Qxd5 {[%emt 0:00:02]} Re8 {[%emt 0:01:09]} 33. Rd1 {[%emt 0:00:49]} Qe7 {[%emt 0:01:02]} 34. Qd4+ {[%emt 0:01:42]} Kg8 {[%emt 0:00:06]} 35. Qd6 {[%emt 0:00:30]} Ne6 {[%emt 0:00:26]} 36. Qxe7 {[%emt 0:00:21]} Rxe7 {[%emt 0:00:00]} 37. Re3 {[%emt 0:00:28]} Rc8 {[%emt 0:01:10]} 38. Re5 {[%emt 0:00:32]} Rc2 {[%emt 0:00:54]} 39. Kg1 {[%emt 0:00:10]} Ra7 {[%emt 0:00:41]} 40. Bd5 {[%emt 0:00:00]} Nc7 {[%emt 0:00:39]} 41. Re7 {[%emt 0:02:23]} Kg7 {[%emt 0:23:22]} 42. Rxf7+ {[%emt 0:04:42]} Kh6 {[%emt 0:00:07]} 43. h4 {[%emt 0:02:41]} Ra6 {[%emt 0:07:02]} 44. Be4 {[%emt 0:01:36]} 1-0

[Event "36th Zalakaros Festival 2017"]
[Site "Zalakaros"]
[Date "2017.05.19"]
[Round "2"]
[White "Havanecz, Bianka"]
[Black "Borsos, Bogdan"]
[Result "1-0"]
[WhiteElo "2210"]
[BlackElo "2321"]
[Annotator "TA"]
[PlyCount "59"]
[EventDate "2017.??.??"]
[EventType "swiss"]
[EventCountry "HUN"]
[SourceTitle "playchess.com"]
[Source "ChessBase"]
[SourceQuality "1"]

{[%evp 10,59,30,21,35,-4,-1,-58,-9,-9,0,0,0,0,0,-37,-26,-46,0,0,0,0,36,31,75,69,125,69,54,51,52,52,44,35,68,32,33,0,15,0,67,61,918,880,29992,29993,29993,29994,29994,1241,1554,1500]} 1. d4 d5 2. Bf4 Nf6 3. e3 e6 4. Nf3 Bd6 5. Bg3 Ne4 6. Nbd2 f5 {D02: 1 d4 d5 2 Nf3 sidelines, including 2...Nf6 3 g3 and 2...Nf6 3 Bf4} (6... Nxg3 7. hxg3 h6 8. e4 dxe4 9. Nxe4 Be7 10. c3 Nd7 11. Bd3 c5 12. Qe2 cxd4 13. Nxd4 Nc5 14. Bb5+ {1-0 (28) Yemelin,V (2559)-Aleksandrov,A (2598) St Petersburg 2013}) 7. Ne5 {Strongly threatening Nxe4.} O-O 8. Ndf3 ({White should try} 8. Be2 $11) 8... Nd7 {Black is slightly better.} 9. Bd3 Nxg3 $146 (9... Ndf6 {with more complications.} 10. O-O Nxg3 11. hxg3 b6 12. c4 c5) ({Predecessor:} 9... Ndf6 10. c4 c6 11. a3 Qe7 12. Qe2 Bd7 13. Nxd7 Nxd7 14. Bxd6 Qxd6 {½-½ (23) Ortiz Lafont,J (2185)-Chalmeta Torredemer,J (2216) Spain 2003}) 10. hxg3 c5 {[%cal Bc7c5,Bc5c4][%mdl 32]} 11. Nxd7 Bxd7 12. c3 c4 13. Bc2 h6 14. Ne5 Bxe5 15. dxe5 Qb6 16. Rb1 Qc5 17. g4 f4 {[#]} (17... Rac8 $14) 18. Qd4 ({White should play} 18. g5 $1 $16) 18... Rac8 19. Qxc5 Rxc5 20. Ke2 Ra5 21. a3 Ba4 22. Bg6 Rb5 23. g5 fxe3 $1 24. fxe3 Rb6 ({But not} 24... hxg5 $6 25. Rh5 $16) ({Better is} 24... Bb3 $1 $11) 25. Rh3 $14 hxg5 $2 {[%mdl 8192] [#]} (25... Bc6 $14) 26. Rbh1 $1 $18 {[%csl Gh1][%cal Rh3h8]} Rf2+ 27. Kxf2 {[%csl Gh1][%cal Rh3h8]} Rxb2+ 28. Kg3 {[%csl Gh1][%cal Rh3h8]} Kf8 29. Rh8+ (29. Rf1+ $142 Rf2 30. Rxf2+ Ke7 31. Rf7+ Kd8 32. Rh8+ Be8 33. Rxg7 Kc8 34. Rxe8#) 29... Ke7 30. R1h7 {Precision: White = 55%, Black = 36%.} 1-0

[Event "36th Zalakaros Festival 2017"]
[Site "Zalakaros"]
[Date "2017.05.19"]
[Round "2"]
[White "Csiki, Endre"]
[Black "Rajdeep Sarkar"]
[Result "1-0"]
[WhiteElo "2200"]
[BlackElo "2312"]
[Annotator "TA"]
[PlyCount "69"]
[EventDate "2017.??.??"]
[EventType "swiss"]
[EventCountry "HUN"]
[SourceTitle "playchess.com"]
[Source "ChessBase"]
[SourceQuality "1"]

{[%evp 10,69,25,25,15,27,20,15,39,15,77,51,53,20,27,27,27,21,22,20,27,16,37,47,35,35,66,43,91,123,80,0,70,3,0,-13,0,-108,-92,-68,-95,-198,-166,-178,-195,-181,-27,0,157,121,406,-67,365,411,327,260,29990,29991,29991,29992,29992,29992]} 1. d4 d5 2. c4 e6 3. Nc3 c6 4. e3 {[%cal Be2e3,Be3e4,Be4e5][%mdl 32]} Nf6 5. Nf3 a6 6. c5 b6 {D45: Semi-Slav: 5 e3} 7. cxb6 Nbd7 (7... Qxb6 8. Bd3 a5 9. O-O Ba6 10. Na4 Qb7 11. Bxa6 Rxa6 12. b3 Nbd7 13. Bb2 Be7 14. Rc1 {½-½ (31) Kasimdzhanov,R (2705)-Andreikin,D (2737) Tbilisi 2015}) 8. Bd3 Nxb6 {The position is equal.} 9. e4 $146 ({Predecessor:} 9. O-O c5 10. dxc5 Bxc5 11. b3 O-O 12. Bb2 Bb7 13. Rc1 Qe7 14. Ne5 {½-½ (48) Fridman,D (2588)-Potkin,V (2533) playchess.com INT 2004}) 9... Bb4 (9... c5 $11 {keeps the balance.}) 10. e5 Nfd7 11. a3 Be7 12. O-O c5 13. dxc5 Nxc5 14. Bc2 Bb7 15. Nd4 Rc8 16. Qg4 g6 17. Bh6 Qc7 18. Qg3 Ncd7 19. Rac1 Nc4 20. Rfe1 (20. Nce2 $16) 20... Qb6 ({Black should try} 20... Nxb2 $11 21. Nce2 Qa5) 21. Nde2 (21. Nce2 $14) 21... Qxb2 22. Ba4 Qxa3 23. Qf4 {[#]} (23. Qh3 $11 {remains equal.}) 23... Ncb6 $1 $17 24. Bxd7+ Nxd7 25. Bg7 (25. Ra1 $17 Qc5 26. Na4) 25... g5 26. Qe3 Rg8 27. Bf6 {[#]} Bxf6 $2 (27... Bc5 $1 $19 {[%cal Rc5e3]} 28. Qg3 Bb4) 28. exf6 $11 {Strongly threatening Qa7.} Qc5 $2 (28... Qd6 $1 $11) 29. Ne4 Qb4 $2 {[%mdl 8192]} (29... Qxe3 $16 30. Nd6+ Kf8 31. fxe3 Rc6 32. Nxb7 Rxc1 33. Rxc1 Nxf6) 30. Rxc8+ $18 Bxc8 {[%cal Rb4e1]} 31. Rc1 {[%cal Rc1c8]} Nb6 ({Not} 31... Bb7 $2 32. Qa7 $18) 32. Qg3 $40 {[%mdl 128] Qb8 would kill now. White attacks with force.} Nc4 $2 (32... dxe4 $18 33. Qb8 Qd2) 33. Qc7 {[%cal Rc7c8] White mates.} Bd7 34. Nc5 Qb5 35. Nd4 {Precision: White = 64%, Black = 45%.} 1-0

[Event "36th Zalakaros Festival 2017"]
[Site "Zalakaros"]
[Date "2017.05.19"]
[Round "2"]
[White "Karacsonyi, Gellert"]
[Black "Nagy, Gabor"]
[Result "0-1"]
[WhiteElo "2189"]
[BlackElo "2446"]
[Annotator "TA"]
[PlyCount "80"]
[EventDate "2017.??.??"]
[EventType "swiss"]
[EventCountry "HUN"]
[SourceTitle "playchess.com"]
[Source "ChessBase"]
[SourceQuality "1"]

{[%evp 22,80,0,0,0,0,4,-7,-6,0,0,0,12,22,27,13,45,18,28,18,28,0,0,-48,-58,-74,-73,-63,-68,-170,-202,-203,-195,-240,-233,-233,-260,-242,-207,-422,-309,-445,-470,-653,-649,-598,-482,-481,-479,-453,-466,-466,-362,-492,-351,-344,-339,-847,-847,-12838,-12838]} 1. e4 c5 2. Nf3 d6 3. d4 cxd4 4. Nxd4 Nf6 5. Nc3 a6 6. Bc4 e6 7. Bb3 Nc6 8. O-O Qc7 9. Be3 Na5 10. f4 b5 11. f5 e5 12. Nde2 Bb7 {B88: Sicilian: Sozin Attack} 13. Nd5 Nxd5 {[#]} 14. exd5 $146 ({Predecessor:} 14. Bxd5 Nc4 15. Bc1 Qc5+ 16. Kh1 Bxd5 17. Qxd5 Qxd5 18. exd5 Be7 19. a4 Kd7 20. a5 {½-½ (57) Votava,J (2520)-Kononenko,D (2608) Pardubice 2012}) 14... Nc4 {The position is equal.} 15. Bxc4 Qxc4 16. Nc3 Rc8 17. a3 Be7 18. Rf3 a5 {Black wants to play ...b4.} 19. Rg3 h5 20. Bb6 Bd8 21. Bxd8 Rxd8 22. Kh1 b4 23. axb4 axb4 24. Ra4 Ra8 25. Rxa8+ ({White should play} 25. f6 $15) 25... Bxa8 $19 26. b3 Qc5 27. Qa1 Ke7 28. Ne4 Qxd5 29. Re3 Rc8 $40 {[%mdl 128] Black goes for the king.} 30. Qf1 $2 (30. Re2) 30... f6 31. c4 (31. Qe2 {is a better defense.}) 31... bxc3 32. Nxc3 Qd2 33. Rd3 Qc2 34. Nd5+ Bxd5 35. Rxd5 {[#]} Qxf5 $1 {[%cal Rf5f1][%mdl 512] KQR-KQR} 36. Qg1 (36. Qxf5 Rc1+) 36... Rc7 37. h3 Qc2 38. b4 Qe4 39. Qd1 $2 (39. Rd1) 39... Rc3 {[#] ( -> ...Rxh3+)} 40. Kh2 Qf4+ {Precision: White = 24%, Black = 79%.} 0-1

[Event "36th Zalakaros Festival 2017"]
[Site "Zalakaros"]
[Date "2017.05.20"]
[Round "3"]
[White "Rapport, Richard"]
[Black "Gara, Anita"]
[Result "1/2-1/2"]
[WhiteElo "2698"]
[BlackElo "2373"]
[Annotator "TA"]
[PlyCount "55"]
[EventDate "2017.??.??"]
[EventType "swiss"]
[EventCountry "HUN"]
[SourceTitle "playchess.com"]
[Source "ChessBase"]
[SourceQuality "1"]

{[%evp 9,55,12,29,22,35,27,57,54,64,60,60,25,20,19,102,16,112,4,0,0,8,-41,-37,-31,-37,-33,-35,-41,-26,-111,-117,-105,-106,-104,-85,-85,-82,-100,-17,-18,-15,-101,-22,-104,-112,-166,-158,-159]} 1. e4 c5 2. Nc3 Nc6 3. Bb5 Nd4 4. Nf3 a6 5. Bd3 Nxf3+ 6. Qxf3 {B23: Closed Sicilian: Lines without g3} e6 7. b3 Qc7 8. Bb2 {White is slightly better.} Ne7 9. O-O Ng6 10. Ne2 Bd6 11. Qh3 f6 $146 {[#]} (11... Be5 $11 12. Bxe5 Nxe5) ({Predecessor:} 11... Be5 12. Bxe5 Nxe5 13. f4 Nxd3 14. Qxd3 b6 15. f5 {½-½ (32) Tiviakov,S (2656)-Reinderman,D (2604) Amsterdam 2014}) 12. a4 (12. f4 $1 $16 {aiming for e5!} Nxf4 13. Nxf4 Bxf4 14. Qh5+ g6 15. Qh4) 12... b6 {[#]} (12... O-O $11 {keeps the balance.}) 13. g3 ({White must play} 13. f4 $1 $16 {Hoping for e5!} Nxf4 14. Nxf4 Bxf4 15. Qh5+ Ke7 16. Qg4) 13... Bb7 $11 14. f4 {Black should prevent e5!} O-O-O 15. c4 Ne7 16. Qh5 Nc6 17. Rae1 Rdf8 18. Bb1 Kb8 19. h3 (19. Rf2 $11) 19... g6 $17 20. Qh6 Rf7 21. Kh2 Bf8 22. Qh4 Be7 {Threatens to win with ...h5.} 23. f5 g5 (23... Rg8 $17) 24. Qh5 $11 Rhf8 25. Qh6 (25. d4 $1 $11) 25... Ka7 (25... Bd6 $17) 26. Rf2 (26. d4 $1 $11) 26... Bd6 $17 27. Ref1 (27. Qh5 $17) 27... Be5 $19 28. Bc3 {Precision: White = 36%, Black = 53%.} 1/2-1/2

[Event "36th Zalakaros Festival 2017"]
[Site "Zalakaros"]
[Date "2017.05.20"]
[Round "3"]
[White "Markus, Robert"]
[Black "Ivic, Velimir"]
[Result "1-0"]
[WhiteElo "2673"]
[BlackElo "2345"]
[Annotator "TA"]
[PlyCount "55"]
[EventDate "2017.??.??"]
[EventType "swiss"]
[EventCountry "HUN"]
[SourceTitle "playchess.com"]
[Source "ChessBase"]
[SourceQuality "1"]

{[%evp 21,55,19,10,4,90,90,108,106,114,89,88,89,95,86,95,41,38,33,73,56,92,89,113,108,283,259,268,252,303,278,298,258,670,655,1159,1152]} 1. d4 Nf6 2. c4 g6 3. Nf3 Bg7 4. g3 O-O 5. Bg2 d6 6. O-O Nc6 7. Nc3 e5 8. d5 Nb8 9. c5 {E62: King's Indian: Fianchetto: 6...c6 and Panno Variation (6...Nc6) without ...a6} Na6 10. cxd6 cxd6 11. Nd2 Bd7 {LiveBook: 4 Games} 12. a4 Nb4 $146 (12... Rc8 $11) ({Predecessor:} 12... Rc8 13. Nb3 Nb4 14. a5 Qc7 15. Re1 b5 16. a6 Rb8 {1-0 (64) Vachier Lagrave,M (2754)-Baklan,V (2633) Montpellier 2015}) 13. Nc4 $16 Qc7 14. b3 Rfc8 15. Ba3 a5 16. Qd2 b6 17. Rac1 Qb8 18. Bxb4 (18. h3 $16) 18... axb4 $14 19. Na2 {[%cal Bc3a2,Ba2b4,Bb4c6][%mdl 32]} Rc5 20. Nxb4 ({Much worse is} 20. Qxb4 b5 $15) 20... b5 21. axb5 Rxb5 22. Nc6 Bxc6 $2 (22... Qf8 $16 {was necessary.}) 23. dxc6 $18 {[%cal Bd5c6,Bc6c7][%mdl 32]} d5 24. Ne3 {[#] And now c7 would win.} e4 25. c7 Qc8 26. Qc2 Bf8 $2 (26... Rb7 27. Bh3 Qxh3) 27. Qc6 d4 28. Qxb5 {Precision: White = 76%, Black = 16%.} 1-0

[Event "36th Zalakaros Festival 2017"]
[Site "Zalakaros"]
[Date "2017.05.20"]
[Round "3"]
[White "Efimenko, Zahar"]
[Black "Rapport, Jovana"]
[Result "1-0"]
[WhiteElo "2648"]
[BlackElo "2334"]
[Annotator "TA"]
[PlyCount "135"]
[EventDate "2017.??.??"]
[EventType "swiss"]
[EventCountry "HUN"]
[SourceTitle "playchess.com"]
[Source "ChessBase"]
[SourceQuality "1"]

{[%evp 15,135,10,18,19,25,10,26,37,26,30,39,26,21,31,56,18,64,61,60,69,60,45,69,50,76,76,75,75,95,93,81,87,94,75,87,94,149,150,158,140,127,131,127,119,129,125,121,92,114,105,113,71,95,87,71,74,106,41,38,41,45,27,33,31,108,30,27,23,23,23,23,23,23,23,23,23,23,16,23,20,43,26,24,10,24,0,0,2,18,18,18,26,21,14,18,30,37,18,16,21,22,30,68,36,59,43,76,6,115,43,82,5,63,0,0,0,0,0,0,3,12843,12843]} 1. e4 c6 2. d4 d5 3. exd5 cxd5 4. Bd3 Nc6 5. c3 e5 6. dxe5 Nxe5 7. Qe2 Qe7 8. Bb5+ Nc6 {LiveBook: 3 Games. B13: Caro-Kann: Exchange Variation and Panov-Botvinnik Attack} (8... Bd7 9. Bxd7+ Kxd7 10. Be3 Nc4 11. Nd2 Nxe3 12. fxe3 Re8 13. O-O-O Kc8 14. Qg4+ Kb8 15. Qf4+ Qc7 16. Ngf3 {1-0 (43) Savic,M (2515)-Jovic,S (2313) Novi Sad 2017}) 9. Be3 Nf6 10. h3 g6 {The position is equal.} 11. Nd2 Bg7 12. Bc5 {[%csl Gc5][%cal Re2e7]} Qxe2+ 13. Nxe2 Nd7 $146 ({Predecessor:} 13... Bd7 14. O-O Ne4 15. Nxe4 dxe4 16. Rad1 Ne5 17. Bxd7+ Nxd7 {½-½ (51) Roos,D (2382)-Juhasz,K (2334) Vaujany 2011}) 14. Bd6 Nb6 15. a4 {[%cal Ba2a4,Ba4a5][%mdl 32]} Bd7 16. a5 $36 {[%mdl 2048] Black is under pressure.} Nc8 17. Bc5 Ne5 18. Bxd7+ $1 Nxd7 19. Ba3 (19. Be3 {is more complex.} Ne7 20. Nf4 O-O 21. O-O-O d4 22. Bxd4 Bxd4 23. cxd4 Nf6 24. Rhe1) 19... Bf8 20. Bxf8 Kxf8 21. O-O-O Kg7 22. Nf4 Nf6 23. Rhe1 g5 24. Nd3 Nd6 25. Nf3 Nde4 ({Black should try} 25... h6) 26. Nd4 $16 Rhc8 27. Nf5+ Kf8 28. f3 Nc5 29. Re7 {Strongly threatening Ne5.} Nb3+ 30. Kb1 Re8 31. Rxb7 Nxa5 32. Rc7 Nc4 33. Nd4 (33. Nh6 {feels hotter.} Nd6 34. f4 gxf4 35. Nxf4 Re5 36. Rf1) 33... Rec8 34. Rxc8+ Rxc8 35. g4 a5 36. b3 (36. Rh1 $16) 36... Nb6 $1 $14 37. Kc2 a4 38. Ra1 (38. h4 $5) 38... axb3+ 39. Kxb3 Ra8 (39... Nc4 $14) 40. Rh1 (40. Rxa8+ $16 Nxa8 41. Kb4) 40... Nc4 41. Nb4 Ra3+ 42. Kc2 Ne3+ 43. Kd2 Nc4+ 44. Kd3 Ne5+ 45. Kc2 Ng6 46. Nf5 Ne5 47. Rf1 Ng6 48. Rd1 Ra5 49. Kb3 Nf4 50. Rh1 h5 51. gxh5 N4xh5 52. h4 g4 53. fxg4 Nxg4 54. Rf1 Ngf6 55. Ne3 Ne4 {aiming for ...Nd2+.} 56. Rd1 Nf4 57. Nexd5 ({Resist} 57. Nbxd5 $6 Ne6 $16) 57... Nxd5 58. Nxd5 $11 {[%mdl 4096] Endgame KRN-KRN} Ra6 59. Rd4 f5 60. Ne3 Rf6 {[#]} 61. Kc2 (61. c4 $1 $16) 61... Nd6 (61... Kf7 $1 $11 {keeps the balance.}) 62. Ra4 (62. c4 $16) 62... Kg7 63. Ra7+ ({White should play} 63. Kd3 $16) 63... Nf7 (63... Rf7 $11 64. Rxf7+ Kxf7) 64. c4 (64. Kd3 $14) 64... f4 65. Ng4 (65. Nd5 $5 {[%cal Rd5f6]} Re6 66. Re7 (66. Nxf4 Re4 $11) 66... Rxe7 67. Nxe7 $14) 65... Rf5 $1 66. Kd3 {next Rc7 is good for White.} f3 67. Ke3 {Threatens to win with Kf2.} Kg6 $2 {[%mdl 8192] [#]} (67... Rh5 $11) 68. Rxf7 $1 {[%mdl 512] Precision: White = 54%, Black = 50%.} 1-0

[Event "36th Zalakaros Festival 2017"]
[Site "Zalakaros"]
[Date "2017.05.20"]
[Round "3"]
[White "Gupta, Abhijeet"]
[Black "Jarmula, Lukasz"]
[Result "1-0"]
[WhiteElo "2626"]
[BlackElo "2469"]
[Annotator "TA"]
[PlyCount "107"]
[EventDate "2017.??.??"]
[EventType "swiss"]
[EventCountry "HUN"]
[SourceTitle "playchess.com"]
[Source "ChessBase"]
[SourceQuality "1"]

{[%evp 22,107,14,0,0,0,0,0,0,-50,-47,-126,-126,-130,-121,-107,-128,-121,-120,-126,-97,-113,0,0,0,0,0,0,26,26,217,-76,283,282,277,272,229,141,272,264,256,243,211,204,254,223,223,216,239,233,263,194,164,17,1147,155,12838,12839,12839,12835,12838,0,12839,12838,12841,12839,12839,12840,12840,12841,12841,12841,12844,12844,12844,12843,12845,12844,12844,12844,12845,12845,12845,12846,12847,12847,29996,29997]} 1. d4 d5 2. c4 c6 3. Nf3 Nf6 4. Nc3 e6 5. Bg5 dxc4 6. e4 b5 7. e5 h6 8. Bh4 g5 9. Nxg5 hxg5 10. Bxg5 Nbd7 11. exf6 Bb7 12. h4 Qa5 {D44: Semi-Slav: Botvinnik System} (12... Nxf6 13. Qf3 Be7 14. Be2 Nd5 15. Bxe7 Qxe7 16. Nxd5 exd5 17. Qf4 Kf8 18. Kf1 Re8 19. Bf3 Kg7 20. Qg4+ Kf8 21. Qf4 Kg7 22. Qg4+ {½-½ (22) Voll,A (2553)-Serban,F (2623) ICCF email 2012}) 13. Be2 O-O-O $1 14. O-O Bh6 {The position is equal.} (14... Ne5 $5) 15. Ne4 $146 ({Predecessor:} 15. Qe1 Bxg5 16. hxg5 Rh4 17. f4 Rdh8 18. Rd1 Qc7 19. Qd2 Kb8 20. Qe3 {1-0 (36) Kopeikin,V (2426)-Lakatos,S (2401) ICCF email 2013}) 15... Qc7 {aiming for ...c5.} 16. Bxh6 (16. Bf3 $15) 16... Rxh6 $17 17. h5 c5 $1 18. Qd2 Rhh8 19. Ng3 Nxf6 20. a4 Rdg8 (20... Rxd4 $6 21. Qg5 $11) 21. axb5 Ne4 (21... Nxh5 $1 $17 22. Bxh5 Rxh5 23. Rxa7 cxd4 24. Qxd4 Rd8) 22. Qa5 $11 {Strongly threatening dxc5.} Qf4 23. Ra3 {Threatens to win with Bf3.} ({Don't blunder} 23. Qxa7 $2 Rxg3 24. fxg3 Qe3+ 25. Kh2 Qxe2 $19) 23... c3 24. Rxc3 $1 Nxc3 25. bxc3 Rg5 $2 (25... cxd4 $11 26. Qb4 Rg5) 26. dxc5 $2 (26. Qxa7 $18 Qd6 27. Ra1) 26... Rxc5 $2 {[%mdl 8192]} (26... Rhg8 $1 $17 27. Bg4 (27. Qxa7 Bxg2 28. f3 Qe3+ 29. Kh2 Rxh5+ 30. Nxh5 Qe5+ 31. f4 Qxe2 32. Ng3 Qe3 33. Qa6+ Bb7 34. Qxb7+ Kxb7 35. c6+ Kb6 36. Nh1 Qxc3 37. Rf3 Qxf3 38. Ng3 Rxg3 39. f5 Qg2#) 27... Rxg4) 27. Qxa7 $18 Rxc3 28. b6 $1 Rc1 29. Ba6 Rxf1+ (29... Bxa6 $16 {might work better.} 30. Qxa6+ Kd7 31. Qb7+ Kd6 32. Rxc1 Qxc1+ 33. Kh2 f5) 30. Nxf1 Qb8 {[#]} 31. Bxb7+ $1 Qxb7 {[%mdl 4096] Endgame [#] KQR-KQN} 32. Qa5 $1 {[%cal Ra5c5]} Kd7 {[#]} 33. h6 $1 {[%mdl 512]} f6 (33... Rxh6 34. Qd2+) 34. Qa4+ Ke7 35. Qg4 {Hoping for Qg7+.} Kf8 36. Qxe6 Rxh6 37. Ne3 (37. Ng3 $18) 37... Qa8 $2 {[%mdl 8192]} (37... Qh7 $11 38. f4 Rh1+ 39. Kf2 Qh4+ 40. g3 Qh2+ 41. Kf3 Qh5+ 42. g4 Qf7 43. Qc8+ Kg7) 38. Qd6+ $2 (38. Qd7 $18 {is the precise move to win.}) 38... Kf7 $2 (38... Kg8 $16 39. Qe6+ Kf8) 39. Qc7+ Kg6 40. Qc2+ Kf7 41. Qc7+ Kg6 42. b7 Qh8 43. Qc2+ Kf7 44. Qc4+ Kg6 45. Qe4+ Kf7 46. g3 Qb8 47. Qc4+ Kg6 48. Qd3+ Kf7 49. Qd7+ Kg6 50. Qf5+ Kg7 51. Qc8 Rh8 52. Nf5+ Kg6 53. Nh4+ Kh6 54. Qg4 {Precision: White = 58%, Black = 46%.} 1-0

[Event "36th Zalakaros Festival 2017"]
[Site "Zalakaros"]
[Date "2017.05.20"]
[Round "3"]
[White "Erdos, Viktor"]
[Black "Nemeth, Miklos"]
[Result "1/2-1/2"]
[WhiteElo "2614"]
[BlackElo "2451"]
[Annotator "TA"]
[PlyCount "100"]
[EventDate "2017.??.??"]
[EventType "swiss"]
[EventCountry "HUN"]
[SourceTitle "playchess.com"]
[Source "ChessBase"]
[SourceQuality "1"]

{[%evp 15,100,8,25,18,20,24,23,28,16,16,25,3,39,38,50,24,23,6,41,13,50,50,67,78,79,79,199,200,214,212,209,90,74,56,58,59,70,71,66,74,67,62,71,26,23,20,20,22,28,14,10,6,6,6,6,8,8,8,16,0,0,0,15,0,14,0,15,0,0,0,0,0,2,0,0,0,0,0,0,0,0,0,0,0,0,0,0]} 1. Nf3 Nf6 2. c4 e6 3. Nc3 b6 4. g3 Bb7 5. Bg2 Be7 6. d4 O-O 7. O-O Ne4 8. Bd2 Bf6 9. Be1 {E18: Queen's Indian: Old Main Line (4 g3 Bb7 5 Bg2 Be7 6 0-0 0-0 7 Nc3)} Nxc3 10. Bxc3 Be4 11. Qa4 {White has an edge.} d6 12. Rfd1 c6 $146 ({Predecessor:} 12... Qe8 13. Qxe8 Rxe8 14. Rac1 a5 15. Nd2 Bxg2 16. Kxg2 Nc6 {½-½ (24) Lysyj,I (2629)-Ivanov,A (2538) Khanty-Mansiysk 2011}) 13. c5 b5 14. Qa3 d5 $1 15. Ba5 $36 {[%mdl 2048] White is pushing.} Qe7 16. Qc3 Na6 17. a4 Rab8 (17... b4 $5 18. Qe3 (18. Bxb4 Nxb4 19. Qxb4 Rab8 $11) 18... Rae8 $11) 18. b4 Rb7 19. axb5 Rxb5 20. Bf1 Rfb8 (20... Nc7 $16) 21. Nd2 $18 Nxb4 22. e3 R5b7 {[#]} 23. Nxe4 (23. Rdc1 $1 $18 {has better winning chances.}) 23... dxe4 $16 24. Bxb4 Rxb4 25. Bg2 e5 26. d5 cxd5 27. Rxd5 {Strongly threatening c6.} Qe6 28. Rad1 Rb1 {[#] Threatens to win with ...Qxd5.} 29. R5d2 {aiming for c6.} (29. Bf1 $5 {[%cal Rc5c6]}) 29... Qc6 30. Qc2 (30. Bf1 {with more complications.} Rxd1 31. Rxd1 Rc8 32. Rc1 Be7 33. Qxe5 Bxc5 34. Bg2) 30... Rxd1+ 31. Rxd1 Rc8 32. Bxe4 Qxc5 {The position is equal.} 33. Qxc5 Rxc5 $11 {[%mdl 4096] Endgame KRB-KRB} 34. Rd7 Kf8 35. Rxa7 g6 36. Kg2 Bd8 37. Rd7 (37. Ra8 $5 {[%cal Ra8d8]} Ke7 38. g4 $14) 37... Ke8 38. Rb7 Bc7 39. h4 Kf8 (39... f5 $5 {[%cal Rf5e4]} 40. Bb1 e4 $11) 40. Bb1 Kg7 41. Ba2 h5 42. Bb3 Kf8 43. Kf3 Kg7 44. Ke2 e4 45. Rb4 Re5 46. Bc2 f5 47. Rb7 Re7 48. Ba4 Kf6 49. Ra7 Be5 50. Rxe7 Kxe7 {Precision: White = 45%, Black = 55%.} 1/2-1/2